Zufällig ausgewählte Flaggen - Statistiken

Allgemein
  • Dieses Quiz wurde 27 mal gespielt
  • Das Durchschnittsergebnis liegt bei 11 aus 15
Antwortstatistiken
Bildquiz Antwort % Korrekt
Brasilien
100%
Deutschland
100%
Frankreich
100%
Japan
100%
Albanien
88%
Georgien
88%
Bhutan
85%
Moldawien
73%
Laos
69%
Suriname
62%
Togo
62%
Kiribati
58%
Belize
54%
Namibia
54%
Osttimor
38%
Keine übereinstimmenden Quizze gefunden
Verteilung der Resultate
Anzahl Personen mit jedem Resultat
Perzentil nach korrekt beantworteten Fragen
Ihre Resultats-Entwicklung
Sie haben dieses Quiz noch nicht gespielt